000 00607nam a22002177a 4500
003 UA-OsUOA
001 95023
007 ta
008 20130220b un ||||| |||| 00| 0 ukr d
100 _aМамутов В.К.
090 _a330(477)
_bМ22
942 _cSA
040 _aUA-OsUOA
_bukr
_cUA-OsUOA
_dUA-OsUOA
245 _aУдосконалення системи правового забезпечення економіки в Україні
300 _aС.60-67
955 _a0
041 _aukr
080 _a330(477)
773 0 _w95015
650 7 _a330 Економіка взагалі
_2UDC
999 _c381270
_d381270